<?xml version="1.0" encoding="UTF-8"?>
<record
    xmlns:xsi="http://www.w3.org/2001/XMLSchema-instance"
    xsi:schemaLocation="http://www.loc.gov/MARC21/slim http://www.loc.gov/standards/marcxml/schema/MARC21slim.xsd"
    xmlns="http://www.loc.gov/MARC21/slim">

  <leader>02444cam a22003971  4500</leader>
  <controlfield tag="001">gs 34000128 </controlfield>
  <controlfield tag="003">DLC</controlfield>
  <controlfield tag="005">20260227111338.0</controlfield>
  <controlfield tag="008">800625s1933    dcuabf   b   f001 0 eng  </controlfield>
  <datafield tag="010" ind1=" " ind2=" ">
    <subfield code="a">gs 34000128 </subfield>
  </datafield>
  <datafield tag="035" ind1=" " ind2=" ">
    <subfield code="a">(OCoLC)6459034</subfield>
  </datafield>
  <datafield tag="040" ind1=" " ind2=" ">
    <subfield code="a">DLC</subfield>
    <subfield code="c">ICharE</subfield>
    <subfield code="d">DLC</subfield>
  </datafield>
  <datafield tag="043" ind1=" " ind2=" ">
    <subfield code="a">n-us-ak</subfield>
  </datafield>
  <datafield tag="050" ind1="0" ind2="0">
    <subfield code="a">QE75</subfield>
    <subfield code="b">.B9 no. 849</subfield>
  </datafield>
  <datafield tag="051" ind1=" " ind2=" ">
    <subfield code="a">TN24.A4</subfield>
    <subfield code="b">S56</subfield>
    <subfield code="c">Copy 2.</subfield>
  </datafield>
  <datafield tag="100" ind1="1" ind2=" ">
    <subfield code="a">Smith, Philip S.</subfield>
    <subfield code="q">(Philip Sidney),</subfield>
    <subfield code="d">1877-1949.</subfield>
  </datafield>
  <datafield tag="245" ind1="1" ind2="0">
    <subfield code="a">Investigations in Alaska railroad belt, 1931,</subfield>
    <subfield code="c">by Philip S. Smith and others.</subfield>
  </datafield>
  <datafield tag="260" ind1=" " ind2=" ">
    <subfield code="a">Washington,</subfield>
    <subfield code="b">U.S. Govt. Print. Off.,</subfield>
    <subfield code="c">1933.</subfield>
  </datafield>
  <datafield tag="300" ind1=" " ind2=" ">
    <subfield code="a">v, 530 p.</subfield>
    <subfield code="b">incl. illus., maps, plans, tables, diagrs., profiles, 36 pl. (part col., part fold., incl. maps, plans, profiles)</subfield>
    <subfield code="c">24 cm.</subfield>
  </datafield>
  <datafield tag="490" ind1="0" ind2=" ">
    <subfield code="a">U.S. Geological survey. Bulletin 849</subfield>
  </datafield>
  <datafield tag="500" ind1=" " ind2=" ">
    <subfield code="a">At head of title: United States Department of the Interior. Harold L. Ickes, Secretary. Geological survey, W.C. Mendenhall, director.</subfield>
  </datafield>
  <datafield tag="500" ind1=" " ind2=" ">
    <subfield code="a">Each chapter is issued separately as 849A-849I, with special title-page, table of contents and the general foreword. The general title-page and table of contents was issued at end of 849I. The special title-pages and tables of contents of 849A-849I and the general foreword of 849B-849I are not included in collation.</subfield>
  </datafield>
  <datafield tag="504" ind1=" " ind2=" ">
    <subfield code="a">Includes bibliographies.</subfield>
  </datafield>
  <datafield tag="505" ind1="0" ind2=" ">
    <subfield code="a">Foreword, by P.S. Smith.--Progress of surveys in the anthracite ridge district, by R.W. Richards and G.A. Waring.--Lode deposits of the Fairbanks district, by J.M. Hill.--The Willow creek gold lode district, by J.C. Ray.--The Mount Eielson district, by J.C. Reed.--Mineral deposits near the west fork of the Chulitna river, by C.P. Ross.--Lode deposits of Eureka and vicinity, Kantishna district, by F.G. Wells,--The Girdwood district, by C.F. Park, Jr.--The Valdez creek mining district, by C.P. Ross.--The Moose Pass-Hope district, Kenai peninsula, by Ralph Tuck.</subfield>
  </datafield>
  <datafield tag="650" ind1=" " ind2="0">
    <subfield code="a">Mines and mineral resources</subfield>
    <subfield code="z">Alaska.</subfield>
  </datafield>
  <datafield tag="650" ind1=" " ind2="0">
    <subfield code="a">Ore deposits</subfield>
    <subfield code="z">Alaska.</subfield>
  </datafield>
  <datafield tag="700" ind1="1" ind2=" ">
    <subfield code="a">Richards, R. W.</subfield>
    <subfield code="q">(Ralph Webster),</subfield>
    <subfield code="d">1879-</subfield>
  </datafield>
  <datafield tag="700" ind1="1" ind2=" ">
    <subfield code="a">Waring, Gerald A.</subfield>
    <subfield code="q">(Gerald Ashley),</subfield>
    <subfield code="d">1883-</subfield>
  </datafield>
  <datafield tag="700" ind1="1" ind2=" ">
    <subfield code="a">Hill, James M.</subfield>
    <subfield code="q">(James Madison),</subfield>
    <subfield code="d">1884-</subfield>
  </datafield>
  <datafield tag="700" ind1="1" ind2=" ">
    <subfield code="a">Ray, James Chandler,</subfield>
    <subfield code="d">1882-</subfield>
  </datafield>
  <datafield tag="700" ind1="1" ind2=" ">
    <subfield code="a">Reed, John Calvin,</subfield>
    <subfield code="d">1905-</subfield>
  </datafield>
  <datafield tag="700" ind1="1" ind2=" ">
    <subfield code="a">Ross, Clyde P.</subfield>
    <subfield code="q">(Clyde Polhemus),</subfield>
    <subfield code="d">1891-</subfield>
  </datafield>
  <datafield tag="700" ind1="1" ind2=" ">
    <subfield code="a">Wells, Francis G.</subfield>
    <subfield code="q">(Francis Gerritt),</subfield>
    <subfield code="d">1898-</subfield>
  </datafield>
  <datafield tag="700" ind1="1" ind2=" ">
    <subfield code="a">Park, Charles Frederick,</subfield>
    <subfield code="d">1903-</subfield>
  </datafield>
  <datafield tag="700" ind1="1" ind2=" ">
    <subfield code="a">Tuck, Ralph,</subfield>
    <subfield code="d">1904-</subfield>
  </datafield>
  <datafield tag="999" ind1=" " ind2=" ">
    <subfield code="c">27101</subfield>
    <subfield code="d">27101</subfield>
  </datafield>
</record>
